Feminists, Islam and nation : gender and the making of modern Egypt

Αποθηκεύτηκε σε:
Λεπτομέρειες βιβλιογραφικής εγγραφής
Κύριος συγγραφέας: Badran, Margot
Μορφή: Βιβλίο
Γλώσσα:English
Δημοσίευση: Princeton : Princeton University Press, 1995
Θέματα:
Ετικέτες: Προσθήκη ετικέτας
Δεν υπάρχουν, Καταχωρήστε ετικέτα πρώτοι!

MARC

LEADER 00000nam a2200000 i 4500
001 1/7720
008 970111s1995 eng d
020 |a 0-691-03706-X 
035 |l 10016810 
040 |a GR-MY-UA  |b gre  |e aacr 
041 0 |a eng 
082 0 |a 305.420962 
100 1 |a Badran, Margot. 
245 1 0 |a Feminists, Islam and nation :  |b gender and the making of modern Egypt /  |c Margot Badran 
260 |a Princeton :   |b Princeton University Press,   |c 1995 
300 |a 352 p. 
504 |a Includes bibliographical references and index 
650 0 0 |a Feminism  |z Egypt  |x History. 
650 0 0 |a Women  |z Egypt  |x History. 
650 0 0 |a Muslim women  |z Egypt  |x History. 
852 |a INST  |b LESVOS  |e 19970111  |h 305.420962 BAR  |p 005100011228  |q 005100011228  |t BK  |y 0 
909 |a Λ  |b 049211 
950 |a 086/1996-02-06